| 000 | 01499nam a22002537a 4500 | ||
|---|---|---|---|
| 003 | Uzh_bibl | ||
| 008 | 260323b |||||||| |||| 00| 0 ukr d | ||
| 020 |
_a966-667-039-9 _c27,00 |
||
| 040 | _bукр. | ||
| 041 |
_2ukr _aukr |
||
| 080 | _a34 | ||
| 090 |
_a34 _bП- 58 |
||
| 100 | _a- | ||
| 245 |
_aПопулярна юридична енциклопедія _hТекст |
||
| 260 |
_aКиїв _bЮрінком Інтер _c2002 |
||
| 300 |
_a527 с. _fВ опр. |
||
| 520 | _aУ книзі вміщено понад 1500 статей, в яких даються визначення і тлумачення основних юридичних термінів і понять, що найчастіше вживаються у нормативно-правових актах, навчальній та науковій літературі. Подана тут термінологія використовується в Конституції України, кодексах та інших законодавчих актах, що визначають основні засади життєдіяльності держави та соціальних правоих ролей українських громадян. | ||
| 521 | _aДля ширкого кола читачів | ||
| 546 | _aукр. | ||
| 650 | _aДовідкове видання | ||
| 653 |
_aАбандон _aАбітурієнт |
||
| 655 | _aДовідкова література | ||
| 942 |
_2udc _cBK |
||
| 999 |
_c17159 _d17159 |
||